Stargazers / (Record no. 5130)

MARC details
000 -LEADER
fixed length control field 00905nam a22003017a 4500
001 - CONTROL NUMBER
control field 5130
003 - CONTROL NUMBER IDENTIFIER
control field FISKH
005 - DATE AND TIME OF LATEST TRANSACTION
control field 20250827090806.0
008 - FIXED-LENGTH DATA ELEMENTS--GENERAL INFORMATION
fixed length control field 241107b cb ||||| |||| 00| 0 eng d
020 ## - INTERNATIONAL STANDARD BOOK NUMBER
International Standard Book Number 0590474863
040 ## - CATALOGING SOURCE
Original cataloging agency FISKH
Language of cataloging eng
Transcribing agency FISKH
Modifying agency FISKH
050 ## - LIBRARY OF CONGRESS CALL NUMBER
Classification number QB46.G42
082 ## - DEWEY DECIMAL CLASSIFICATION NUMBER
Classification number 520
100 ## - MAIN ENTRY--PERSONAL NAME
Personal name Gibbons, Gail
Dates associated with a name (1944-)
245 ## - TITLE STATEMENT
Title Stargazers /
Statement of responsibility, etc. Gail Gibbons
250 ## - EDITION STATEMENT
Edition statement First printing in 1994
260 ## - PUBLICATION, DISTRIBUTION, ETC.
Place of publication, distribution, etc. New York :
Name of publisher, distributor, etc. Scholastic,
Date of publication, distribution, etc. 1994.
300 ## - PHYSICAL DESCRIPTION
Extent 27 pages :
Other physical details color illustrations ;
Dimensions 21 cm
505 ## - FORMATTED CONTENTS NOTE
Formatted contents note P<br/>
520 ## - SUMMARY, ETC.
Summary, etc. Tells what stars are, why they twinkle, how constellations were named, how telescopes are used to study stars, and more.
521 8# - TARGET AUDIENCE NOTE
Target audience note 640<br/><br/>
Source Lexile<br/>
521 8# - TARGET AUDIENCE NOTE
Target audience note P<br/>
Source Raz-Plus<br/>
650 ## - SUBJECT ADDED ENTRY--TOPICAL TERM
Source of heading or term Non-fiction
Topical term or geographic name entry element Constellations
Form subdivision Science
650 ## - SUBJECT ADDED ENTRY--TOPICAL TERM
Source of heading or term Space
Topical term or geographic name entry element Stars
700 ## - ADDED ENTRY--PERSONAL NAME
Personal name Gibbons, Gail
Dates associated with a name Illustrator
942 ## - ADDED ENTRY ELEMENTS (KOHA)
Source of classification or shelving scheme Dewey Decimal Classification
Koha item type Books
Suppress in OPAC No
Holdings
Withdrawn status Lost status Source of classification or shelving scheme Damaged status Not for loan Collection Home library Current library Shelving location Date acquired Total Checkouts Full call number Barcode Date last seen Copy number Price effective from Koha item type
    Dewey Decimal Classification     Non-Fiction Footprints International School Library Network Toul Kork Campus Footprints International School Library Network Toul Kork Campus TK Primary Library Room(4th Floor), Bookcase 5&6, Shelves 33-56, Orange Books 11/07/2024   GIB 520 QB46.G42 FISTK02263 11/07/2024 1 11/07/2024 Books
    Dewey Decimal Classification     Non-Fiction Footprints International School Library Network Toul Tom Poung Campus Footprints International School Library Network Toul Tom Poung Campus TTP Primary Orange Bookshelves 05/13/2025   GIB 520 QB46.G42 2025-1296 05/13/2025 2 05/13/2025 Books
    Dewey Decimal Classification     Non-Fiction Footprints International School Library Network Toul Tom Poung Campus Footprints International School Library Network Toul Tom Poung Campus TTP Primary Orange Bookshelves 08/27/2025   GIB 520 QB46.G42 FIS01715 08/27/2025 3 08/27/2025 Books